00660nam a2200217Ia 4500003000900000008004100009040001300050040001300063041000800076100001800084245005900102250001200161260001200173260000900185300001100194300001000205490000600215942000700221999001700228952019700245IT-RoPAU120407s9999 xx 000 0 und d aIT-RoPAU cIT-RoPAU aita aBruno Barilli a"Il sole in trappola Diario del periplo dell’Africa" aFirenze aSansoni c1932 a274 p. c20 cm v1 cBK c31153d31153 00102ddc406916_11000000000000071aPAULUSbPAULUSd2012-04-11l0o916.11r2012-04-11 00:00:00w2012-04-11yBKzInserito da: Carla In data: 24 ottobre 2011 fondo: Via A.Severo 56 Progr:14612